| 000 | 01865nam a2200349 c 4500 | ||
|---|---|---|---|
| 003 | BLK | ||
| 005 | 20180422100028.0 | ||
| 008 | 180407b bul|||||r ||||||| ||bul|| | ||
| 010 | _aKNG00034289000 | ||
| 020 |
_a954-8453-54-1 _bиздат.: Весела Люцканова |
||
| 040 | _aBLK | ||
| 041 |
_aBUL _cBUL |
||
| 080 |
_aДинамика и развитие на икономиката _b330.3 _x _z330.3 |
||
| 080 |
_aМеждународни икономически отношения. Външностопанска политика. Световно стопанство _b339.9 _x _z339.9 |
||
| 080 |
_aИкономическа психология. Икономическо поведение. Физиологични и психологични елементи. Интереси. Икономически дух _b330.16 _x _z330.16 |
||
| 100 | 1 |
_aТъроу, Лестър Карл _eпърви автор _9366317 |
|
| 700 | 1 |
_aЛилова, Милена Цветкова _eпрев. от англ. _9251025 |
|
| 139 |
_aТъроу, Лестър _bТ 96 |
||
| 245 | 1 | 0 |
_aИзграждане на благосъстояние _bНовите правила за хората, компаниите и нациите в икономиката, основаваща се на познанието _cЛестър Карл Търоу; прев. от англ. Милена Цветкова Лилова. |
| 257 | _aUSA | ||
| 260 |
_аСофия _bВесела Люцканова _c2000 _fСофия : Петекстон |
||
| 300 |
_a360 с. _c20 см |
||
| 380 | _a3 | ||
| 650 | 4 |
_aПазарно стопанство _9265868 |
|
| 650 | 4 |
_aСветовно стопанство _9251664 |
|
| 653 | _aикономическо развитие | ||
| 852 | _aЦб 206528 | ||
| 856 | 4 |
_qpdf _u |
|
| 856 | 4 |
_qpdf _u |
|
| 942 |
_cKNG _n0 |
||
| 944 |
_aCR _c15.01.2003 _kAB_DOS |
||
| 944 |
_aED _c15.01.2003 _k |
||
| 999 |
_c31631 _d31631 |
||